Environmental engineering (Record no. 5357)

000 -LEADER
fixed length control field 00678nam a2200241 4500
001 - CONTROL NUMBER
control field 5357
003 - CONTROL NUMBER IDENTIFIER
control field BD-DhUET
008 - FIXED-LENGTH DATA ELEMENTS--GENERAL INFORMATION
fixed length control field 141126b xxu||||| |||| 00| 0 eng d
020 ## - INTERNATIONAL STANDARD BOOK NUMBER
International Standard Book Number 0071002316
040 ## - CATALOGING SOURCE
Transcribing agency 0
Modifying agency BD-DhUET
082 ## - DEWEY DECIMAL CLASSIFICATION NUMBER
Classification number 628
Item number PEA/1985
100 ## - MAIN ENTRY--PERSONAL NAME
Personal name Peavy, Howard S
245 ## - TITLE STATEMENT
Title Environmental engineering
250 ## - EDITION STATEMENT
Edition statement 1st ed.
260 ## - PUBLICATION, DISTRIBUTION, ETC. (IMPRINT)
Place of publication, distribution, etc. New york
Name of publisher, distributor, etc. McGraw-Hill
Date of publication, distribution, etc. 1985
300 ## - PHYSICAL DESCRIPTION
Extent xiv,699 p.+various paging
Other physical details ill.
490 ## - SERIES STATEMENT
Series statement McGraw-Hill series in water resources and environmental engineering
504 ## - BIBLIOGRAPHY, ETC. NOTE
Bibliography, etc Includes bibliographies
650 #0 - SUBJECT ADDED ENTRY--TOPICAL TERM
Topical term or geographic name as entry element Environmental engineering
700 ## - ADDED ENTRY--PERSONAL NAME
Personal name Rowe, Donald R.
700 ## - ADDED ENTRY--PERSONAL NAME
Personal name Tchobanoglous, George
942 ## - ADDED ENTRY ELEMENTS (KOHA)
Koha item type General Book
Holdings
Lost status Source of classification or shelving scheme Koha date last borrowed Koha full call number Location (home branch) Copy number Koha normalized classification for sorting Koha date last seen Koha issues (times borrowed) Damaged status Withdrawn status Shelving location Price effective from Date acquired Piece designation (barcode) Koha item type Not for loan Koha renewals Sublocation or collection (holding branch)
  2023-12-10628/PEA/1985Central Library, BUET1628PEA19852024-09-089  Circulation section2014-11-262014-11-2681896General Book  Central Library, BUET
  2024-03-16628/PEA/1985Central Library, BUET2628PEA19852024-06-0210  Circulation section2014-11-262014-11-2681895General Book  Central Library, BUET
   628/PEA/1985Central Library, BUET3628_000000000000000_PEA_19852015-06-18   Reading section2015-06-182015-06-1888788Reading Item  Central Library, BUET
   628/PEA/1985Central Library, BUET4628_000000000000000_PEA_19852015-06-18   Reading section2015-06-182015-06-1887579Reading Item  Central Library, BUET
  2020-03-16628/PEA/1985Central Library, BUET5628_000000000000000_PEA_19852021-11-132  Circulation section2017-10-311991-10-2881894General Book  Central Library, BUET
   628 PEA/1985Central Library, BUETক-৫১628_000000000000000_PEA_19852024-12-01   Rental section2024-12-011991-10-2881847Rental Item  Central Library, BUET
   628 PEA/1985Central Library, BUETক-৭৮628_000000000000000_PEA_19852024-12-01   Rental section2024-12-011991-10-2881874Rental Item  Central Library, BUET
   628 PEA/1985Central Library, BUETক-৭৯628_000000000000000_PEA_19852024-12-01   Rental section2024-12-011991-10-2881875Rental Item  Central Library, BUET
   628 PEA/1985Central Library, BUETক-৮০628_000000000000000_PEA_19852024-12-01   Rental section2024-12-011991-10-2881876Rental Item  Central Library, BUET
   628 PEA/1985Central Library, BUETক-৮১628_000000000000000_PEA_19852024-12-01   Rental section2024-12-011991-10-2881877Rental Item  Central Library, BUET
   628 PEA/1985Central Library, BUETক-৮২628_000000000000000_PEA_19852024-12-01   Rental section2024-12-011991-10-2881878Rental Item  Central Library, BUET
   628 PEA/1985Central Library, BUETক-৮৩628_000000000000000_PEA_19852024-12-01   Rental section2024-12-011991-10-2881879Rental Item  Central Library, BUET
   628 PEA/1985Central Library, BUETক-৮৪628_000000000000000_PEA_19852024-12-01   Rental section2024-12-011991-10-2881880Rental Item  Central Library, BUET
   628 PEA/1985Central Library, BUETক-৮৫628_000000000000000_PEA_19852024-12-01   Rental section2024-12-011991-10-2881881Rental Item  Central Library, BUET
   628 PEA/1985Central Library, BUETক-৮৬628_000000000000000_PEA_19852024-12-01   Rental section2024-12-011991-10-2881882Rental Item  Central Library, BUET
   628 PEA/1985Central Library, BUETক-৮৭628_000000000000000_PEA_19852024-12-01   Rental section2024-12-011991-10-2881883Rental Item  Central Library, BUET
   628 PEA/1985Central Library, BUETক-৮৭628_000000000000000_PEA_19852024-12-01   Rental section2024-12-011991-10-2881884Rental Item  Central Library, BUET